Normal view
MARC view
- Home-built motorcycles
Entry Topical Term
001 - CONTROL NUMBER
- control field: 83888
003 - CONTROL NUMBER IDENTIFIER
- control field: NUST
005 - DATE AND TIME OF LATEST TRANSACTION
- control field: 20211111114316.0
008 - FIXED-LENGTH DATA ELEMENTS
- fixed length control field: 211111|| aca||aabn | a|a d
040 ## - CATALOGING SOURCE
- Original cataloging agency: NUST
- Transcribing agency: NUST
150 ## - HEADING--TOPICAL TERM
- Topical term or geographic name entry element: Home-built motorcycles
670 ## - SOURCE DATA FOUND
- Source citation: Work cat.: (NUST)32867: Slinn, Matthew. 83886, Build your own electric bicycle /, c2010.
